000 00602nam a2200193Ia 4500
005 20250508163414.0
008 008 250505s9999 xx 000 0 eng d
037 _aDissertations
040 _aFEDL
_beng
_cFEDL
041 _aeng
_2eng
084 _a371.122, SIN/DI
_qFEDL
100 _aSingh Asha
245 0 _aStudy of factors motivating undergraduate girls for the choice of professional and non professional life
260 _c1982
300 _a18p.
546 _aM. Ed. Dissertation (Allahabad University)
942 _cDIS
_h371.122, SIN/DI
999 _c1382882
_d1382882